00358nam a2200121Ia 4500020001800000082001800018245004300036260004000079300001100119504004600130650003600176700002400212 a9788183701389 a355.0218 ROO- 0aRoots of insurgency in Northeast India aNew DelhibAkansha Publishingc2007 ax, 135 aincludes appendix, bibliography and index aInsurgencyzIndia, Northeastern aBhattacharjee, J.B.